000 01082cam a22003014a 4500
020 _a0801867460 (cloth : alk. paper)
020 _a0801867479 (pbk. : alk. paper)
040 _cDLC
082 0 0 _a333 JOH 2001
245 0 0 _aLand tenure and natural resource management :
_ba comparative study of agrarian communities in Asia and Africa /
260 _aBaltimore, MD :
_bJohns Hopkins University Press,
_c2001.
300 _axxiii, 389 p. :
_bill., maps ;
_c24 cm.
500 _a"Published for the International Food Policy Research Institute."
650 0 _aLand tenure
650 0 _aLand tenure
650 0 _aLand use, Rural
650 0 _aLand use, Rural
650 0 _aForest management
650 0 _aForest management
650 0 _aNatural resources
650 0 _aNatural resources
700 1 _aOtsuka, Keijiro.
700 1 _aPlace, Frank,
710 2 _aInternational Food Policy Research Institute.
856 4 2 _uhttp://www.loc.gov/catdir/bios/jhu051/2001029330.html
856 4 2 _uhttp://www.loc.gov/catdir/description/jhu051/2001029330.html
942 _cEK
999 _c11318
_d11318